[Event "DEM U14 2025"]
[Site "Willingen GER"]
[Date "2025.06.10"]
[Round "4"]
[White "Polzin, Gustav"]
[Black "Schröder, Hannes Artur"]
[Result "0-1"]
[Termination "normal"]
[Board "9"]
[WhiteElo "2075"]
[BlackElo "1705"]
[WhiteClock "00:07:09"]
[BlackClock "00:07:14"]
[PlyCount "120"]
[WhiteFideId "34603280"]
[BlackFideId "34608818"]
[EventCountry "GER"]
[EventRounds "9"]
[EventType "swiss"]
[EventDate "2025.06.07"]

1. e4 {[%clk 01:30:57]} {[%emt 00:00:02]} e5 {[%clk 01:30:50]} {[%emt
00:00:10]} 2. Nf3 {[%clk 01:31:18]} {[%emt 00:00:10]} Nc6 {[%clk 01:31:14]}
{[%emt 00:00:06]} 3. Bc4 {[%clk 01:31:40]} {[%emt 00:00:08]} Bc5 {[%clk
01:31:38]} {[%emt 00:00:05]} 4. c3 {[%clk 01:32:02]} {[%emt 00:00:08]} Nf6
{[%clk 01:32:01]} {[%emt 00:00:07]} 5. d4 {[%clk 01:32:21]} {[%emt 00:00:11]}
exd4 {[%clk 01:32:16]} {[%emt 00:00:16]} 6. e5 {[%clk 01:32:45]} {[%emt
00:00:06]} d5 {[%clk 01:32:40]} {[%emt 00:00:06]} 7. Bb5 {[%clk 01:33:09]}
{[%emt 00:00:06]} Ne4 {[%clk 01:33:04]} {[%emt 00:00:05]} 8. cxd4 {[%clk
01:33:32]} {[%emt 00:00:07]} Bb6 {[%clk 01:33:17]} {[%emt 00:00:17]} 9. Nc3
{[%clk 01:33:50]} {[%emt 00:00:12]} Bg4 {[%clk 01:33:29]} {[%emt 00:00:18]} 10.
Be3 {[%clk 01:34:08]} {[%emt 00:00:12]} O-O {[%clk 01:32:55]} {[%emt 00:01:05]}
11. h3 {[%clk 01:34:31]} {[%emt 00:00:06]} Bh5 {[%clk 01:33:18]} {[%emt
00:00:07]} 12. Qc2 {[%clk 01:34:57]} {[%emt 00:00:05]} Nxc3 {[%clk 01:32:43]}
{[%emt 00:01:05]} 13. bxc3 {[%clk 01:35:01]} {[%emt 00:00:26]} f6 {[%clk
01:31:38]} {[%emt 00:01:34]} 14. exf6 {[%clk 01:26:09]} {[%emt 00:09:21]} Qxf6
{[%clk 01:28:27]} {[%emt 00:03:42]} 15. Be2 {[%clk 01:26:24]} {[%emt 00:00:16]}
Bg6 {[%clk 01:15:31]} {[%emt 00:13:25]} 16. Qd2 {[%clk 01:26:25]} {[%emt
00:00:29]} Rae8 {[%clk 01:11:18]} {[%emt 00:04:43]} 17. O-O {[%clk 01:25:21]}
{[%emt 00:01:34]} Be4 {[%clk 01:04:06]} {[%emt 00:07:43]} 18. Rae1 {[%clk
01:23:01]} {[%emt 00:02:49]} h6 {[%clk 00:52:07]} {[%emt 00:12:30]} 19. Nh2
{[%clk 01:22:24]} {[%emt 00:01:07]} Qd6 {[%clk 00:45:25]} {[%emt 00:07:09]} 20.
f3 {[%clk 01:18:23]} {[%emt 00:04:33]} Bf5 {[%clk 00:42:43]} {[%emt 00:03:11]}
21. Bf2 {[%clk 01:11:30]} {[%emt 00:07:23]} Na5 {[%clk 00:38:59]} {[%emt
00:04:15]} 22. g4 {[%clk 01:05:53]} {[%emt 00:06:08]} Bh7 {[%clk 00:34:50]}
{[%emt 00:04:38]} 23. Kg2 {[%clk 01:05:57]} {[%emt 00:00:27]} Nc4 {[%clk
00:34:52]} {[%emt 00:00:28]} 24. Bxc4 {[%clk 01:05:26]} {[%emt 00:01:01]} dxc4
{[%clk 00:35:18]} {[%emt 00:00:04]} 25. Bg3 {[%clk 01:05:18]} {[%emt 00:00:37]}
Qd5 {[%clk 00:34:28]} {[%emt 00:01:20]} 26. Rxe8 {[%clk 01:02:27]} {[%emt
00:03:21]} Rxe8 {[%clk 00:34:52]} {[%emt 00:00:06]} 27. Re1 {[%clk 01:02:37]}
{[%emt 00:00:21]} Rxe1 {[%clk 00:32:33]} {[%emt 00:02:48]} 28. Qxe1 {[%clk
01:03:05]} {[%emt 00:00:01]} Bd3 {[%clk 00:32:03]} {[%emt 00:01:00]} 29. Qe8+
{[%clk 01:01:04]} {[%emt 00:02:32]} Kh7 {[%clk 00:29:21]} {[%emt 00:03:12]} 30.
Be5 {[%clk 01:01:29]} {[%emt 00:00:05]} Bg6 {[%clk 00:26:17]} {[%emt 00:03:33]}
31. Qf8 {[%clk 00:58:38]} {[%emt 00:03:22]} Qf7 {[%clk 00:26:06]} {[%emt
00:00:41]} 32. Qxf7 {[%clk 00:45:19]} {[%emt 00:13:49]} Bxf7 {[%clk 00:26:29]}
{[%emt 00:00:06]} 33. f4 {[%clk 00:44:33]} {[%emt 00:01:17]} Ba5 {[%clk
00:24:40]} {[%emt 00:02:19]} 34. d5 {[%clk 00:41:12]} {[%emt 00:03:51]} Bxd5+
{[%clk 00:24:39]} {[%emt 00:00:31]} 35. Kf2 {[%clk 00:36:19]} {[%emt 00:05:23]}
b5 {[%clk 00:21:07]} {[%emt 00:04:02]} 36. Nf1 {[%clk 00:30:22]} {[%emt
00:06:28]} Bb6+ {[%clk 00:19:01]} {[%emt 00:02:36]} 37. Kg3 {[%clk 00:27:41]}
{[%emt 00:03:10]} a5 {[%clk 00:17:11]} {[%emt 00:02:20]} 38. a3 {[%clk
00:20:58]} {[%emt 00:07:13]} c6 {[%clk 00:15:05]} {[%emt 00:02:36]} 39. Bd6
{[%clk 00:20:42]} {[%emt 00:00:46]} Kg6 {[%clk 00:05:04]} {[%emt 00:10:31]} 40.
f5+ {[%clk 00:17:50]} {[%emt 00:03:22]} Kf6 {[%clk 00:03:07]} {[%emt 00:02:26]}
41. h4 {[%clk 00:03:48]} {[%emt 00:14:33]} h5 {[%clk 00:23:32]} {[%emt
00:10:05]} 42. Kf4 {[%clk 00:33:57]} {[%emt 00:00:21]} hxg4 {[%clk 00:22:11]}
{[%emt 00:01:51]} 43. h5 {[%clk 00:24:48]} {[%emt 00:09:39]} Bf2 {[%clk
00:18:11]} {[%emt 00:04:30]} 44. Kxg4 {[%clk 00:22:13]} {[%emt 00:03:05]} Be1
{[%clk 00:15:45]} {[%emt 00:02:56]} 45. Ng3 {[%clk 00:15:41]} {[%emt 00:07:02]}
Bxc3 {[%clk 00:15:39]} {[%emt 00:00:35]} 46. Ne2 {[%clk 00:13:54]} {[%emt
00:02:18]} Bd2 {[%clk 00:10:32]} {[%emt 00:05:35]} 47. Bc5 {[%clk 00:13:20]}
{[%emt 00:01:05]} b4 {[%clk 00:09:27]} {[%emt 00:01:35]} 48. Bd4+ {[%clk
00:12:24]} {[%emt 00:01:27]} Kf7 {[%clk 00:09:45]} {[%emt 00:00:12]} 49. axb4
{[%clk 00:11:20]} {[%emt 00:01:33]} axb4 {[%clk 00:09:59]} {[%emt 00:00:17]}
50. f6 {[%clk 00:11:32]} {[%emt 00:00:18]} gxf6 {[%clk 00:10:06]} {[%emt
00:00:23]} 51. Nf4 {[%clk 00:09:04]} {[%emt 00:02:58]} Be4 {[%clk 00:08:07]}
{[%emt 00:02:29]} 52. Ne2 {[%clk 00:07:34]} {[%emt 00:02:00]} c3 {[%clk
00:08:00]} {[%emt 00:00:37]} 53. Kg3 {[%clk 00:07:21]} {[%emt 00:00:43]} Be1+
{[%clk 00:07:21]} {[%emt 00:01:08]} 54. Kf4 {[%clk 00:06:32]} {[%emt 00:01:20]}
Bd3 {[%clk 00:06:59]} {[%emt 00:00:51]} 55. Ke3 {[%clk 00:06:16]} {[%emt
00:00:47]} Bxe2 {[%clk 00:06:54]} {[%emt 00:00:34]} 56. Kxe2 {[%clk 00:06:44]}
{[%emt 00:00:02]} Bd2 {[%clk 00:06:57]} {[%emt 00:00:26]} 57. Kd3 {[%clk
00:06:47]} {[%emt 00:00:28]} b3 {[%clk 00:06:41]} {[%emt 00:00:47]} 58. Bxc3
{[%clk 00:06:20]} {[%emt 00:00:58]} Bxc3 {[%clk 00:06:57]} {[%emt 00:00:13]}
59. Kxc3 {[%clk 00:06:47]} {[%emt 00:00:03]} f5 {[%clk 00:07:14]} {[%emt
00:00:13]} 60. Kxb3 {[%clk 00:07:09]} {[%emt 00:00:08]} Kf6 {[%emt 00:00:35]}
0-1

[Event "DEM U14 2025"]
[Site "Willingen GER"]
[Date "2025.06.10"]
[Round "4"]
[White "Lücke, Julius"]
[Black "Ratushnyi, Viktor"]
[Result "1/2-1/2"]
[Termination "normal"]
[Board "10"]
[WhiteElo "1749"]
[BlackElo "2057"]
[WhiteClock "00:02:18"]
[BlackClock "00:01:11"]
[PlyCount "113"]
[WhiteFideId "34674977"]
[BlackFideId "34167293"]
[EventCountry "GER"]
[EventRounds "9"]
[EventType "swiss"]
[EventDate "2025.06.07"]

1. d4 {[%clk 01:30:57]} {[%emt 00:00:03]} Nf6 {[%clk 01:30:51]} {[%emt
00:00:08]} 2. c4 {[%clk 01:31:22]} {[%emt 00:00:05]} c5 {[%clk 01:31:15]}
{[%emt 00:00:06]} 3. d5 {[%clk 01:31:46]} {[%emt 00:00:06]} e5 {[%clk
01:31:40]} {[%emt 00:00:06]} 4. Nc3 {[%clk 01:30:51]} {[%emt 00:01:26]} d6
{[%clk 01:32:03]} {[%emt 00:00:07]} 5. e4 {[%clk 01:30:41]} {[%emt 00:00:39]}
Nbd7 {[%clk 01:32:28]} {[%emt 00:00:06]} 6. Nf3 {[%clk 01:30:33]} {[%emt
00:00:37]} Be7 {[%clk 01:32:52]} {[%emt 00:00:06]} 7. Be2 {[%clk 01:29:50]}
{[%emt 00:01:13]} O-O {[%clk 01:33:13]} {[%emt 00:00:08]} 8. O-O {[%clk
01:28:05]} {[%emt 00:02:15]} Ne8 {[%clk 01:33:36]} {[%emt 00:00:07]} 9. Ne1
{[%clk 01:21:38]} {[%emt 00:06:58]} Bg5 {[%clk 01:32:38]} {[%emt 00:01:28]} 10.
f4 {[%clk 01:19:49]} {[%emt 00:02:19]} Bxf4 {[%clk 01:31:41]} {[%emt 00:01:27]}
11. Bxf4 {[%clk 01:19:50]} {[%emt 00:00:29]} exf4 {[%clk 01:32:05]} {[%emt
00:00:06]} 12. Rf2 {[%emt 00:03:22]} f3 13. Rxf3 {[%clk 01:16:58]} Ne5 {[%clk
01:31:16]} {[%emt 00:01:19]} 14. Rf1 {[%clk 01:08:27]} {[%emt 00:09:01]} Nf6
{[%clk 01:26:43]} {[%emt 00:05:03]} 15. Nf3 {[%clk 01:06:50]} {[%emt 00:02:07]}
Nfd7 {[%clk 01:19:03]} {[%emt 00:08:10]} 16. Rb1 {[%clk 01:03:39]} {[%emt
00:03:41]} Qe7 {[%clk 01:18:29]} {[%emt 00:01:04]} 17. b4 {[%clk 01:00:05]}
{[%emt 00:04:04]} b6 {[%clk 01:15:56]} {[%emt 00:03:03]} 18. bxc5 {[%clk
00:55:53]} {[%emt 00:04:43]} bxc5 {[%clk 01:15:56]} {[%emt 00:00:29]} 19. Qc2
{[%clk 00:53:27]} {[%emt 00:02:56]} Ng6 {[%clk 01:06:27]} {[%emt 00:09:59]} 20.
Nd2 {[%clk 00:50:21]} {[%emt 00:03:36]} Nde5 {[%clk 00:58:12]} {[%emt
00:08:45]} 21. Rb3 {[%clk 00:43:50]} {[%emt 00:07:01]} a6 {[%clk 00:41:21]}
{[%emt 00:17:21]} 22. a4 {[%clk 00:36:22]} {[%emt 00:07:58]} Qg5 {[%clk
00:38:50]} {[%emt 00:03:01]} 23. Nf3 {[%clk 00:35:19]} {[%emt 00:01:33]} Nxf3+
{[%clk 00:37:30]} {[%emt 00:01:49]} 24. Bxf3 {[%clk 00:35:14]} {[%emt
00:00:35]} Ne5 {[%clk 00:36:27]} {[%emt 00:01:33]} 25. Ne2 {[%clk 00:33:44]}
{[%emt 00:02:00]} a5 {[%clk 00:25:34]} {[%emt 00:11:24]} 26. Ng3 {[%clk
00:32:42]} {[%emt 00:01:31]} g6 {[%clk 00:24:09]} {[%emt 00:01:55]} 27. Qc1
{[%clk 00:30:05]} {[%emt 00:03:08]} Qe7 {[%clk 00:22:40]} {[%emt 00:01:59]} 28.
Be2 {[%clk 00:29:51]} {[%emt 00:00:44]} Kg7 {[%clk 00:19:24]} {[%emt 00:03:46]}
29. Qf4 {[%clk 00:21:35]} {[%emt 00:08:45]} Ba6 {[%clk 00:16:47]} {[%emt
00:03:08]} 30. Rc1 {[%clk 00:17:55]} {[%emt 00:04:09]} Rab8 {[%clk 00:16:25]}
{[%emt 00:00:53]} 31. Qe3 {[%clk 00:16:10]} {[%emt 00:02:15]} Rb4 {[%clk
00:13:14]} {[%emt 00:03:42]} 32. Rxb4 {[%clk 00:10:40]} {[%emt 00:05:59]} axb4
{[%clk 00:13:38]} {[%emt 00:00:06]} 33. Nf1 {[%clk 00:10:05]} {[%emt 00:01:04]}
h6 {[%clk 00:08:49]} {[%emt 00:05:19]} 34. Nd2 {[%clk 00:09:02]} {[%emt
00:01:33]} Qg5 {[%clk 00:08:53]} {[%emt 00:00:26]} 35. Qxg5 {[%clk 00:09:02]}
{[%emt 00:00:29]} hxg5 {[%clk 00:09:19]} {[%emt 00:00:05]} 36. Nf3 {[%clk
00:04:56]} {[%emt 00:04:36]} Nxf3+ {[%clk 00:09:00]} {[%emt 00:00:49]} 37. gxf3
{[%clk 00:03:39]} {[%emt 00:01:47]} Kf6 {[%clk 00:07:55]} {[%emt 00:01:35]} 38.
Kf2 {[%clk 00:03:50]} {[%emt 00:00:19]} Rh8 {[%clk 00:07:09]} {[%emt 00:01:16]}
39. Rh1 {[%clk 00:04:07]} {[%emt 00:00:14]} Ke5 {[%clk 00:06:51]} {[%emt
00:00:47]} 40. Ke3 {[%clk 00:04:27]} {[%emt 00:00:10]} f5 {[%clk 00:01:23]}
{[%emt 00:05:59]} 41. Rg1 {[%clk 00:02:51]} {[%emt 00:02:06]} f4+ {[%clk
00:00:53]} {[%emt 00:01:00]} 42. Kd3 {[%clk 00:03:06]} {[%emt 00:00:14]} Rxh2
{[%clk 00:27:52]} {[%emt 00:03:31]} 43. Rxg5+ {[%clk 00:33:30]} {[%emt
00:00:07]} Kf6 {[%clk 00:00:00]} {[%emt 00:11:20]} 44. Rg1 {[%clk 00:23:09]}
{[%emt 00:01:57]} g5 {[%clk 00:23:59]} {[%emt 00:06:46]} 45. Rc1 {[%clk
00:22:06]} {[%emt 00:01:32]} Rh3 {[%clk 00:15:37]} {[%emt 00:08:52]} 46. Rg1
{[%clk 00:07:15]} {[%emt 00:15:22]} Bc8 {[%clk 00:15:54]} {[%emt 00:00:13]} 47.
Kd2 {[%clk 00:03:54]} {[%emt 00:03:52]} Rh2 {[%clk 00:08:59]} {[%emt 00:07:23]}
48. Kd3 {[%clk 00:03:38]} {[%emt 00:00:46]} Ba6 {[%clk 00:08:14]} {[%emt
00:01:16]} 49. Rc1 {[%clk 00:02:22]} {[%emt 00:01:45]} Rh8 {[%clk 00:04:50]}
{[%emt 00:03:54]} 50. Ra1 {[%clk 00:01:29]} {[%emt 00:01:24]} Ra8 {[%clk
00:04:33]} {[%emt 00:00:46]} 51. Bd1 {[%clk 00:01:32]} {[%emt 00:00:28]} Bc8
{[%clk 00:04:50]} {[%emt 00:00:13]} 52. Be2 {[%clk 00:01:20]} {[%emt 00:00:43]}
Ra5 {[%clk 00:04:44]} {[%emt 00:00:34]} 53. Bd1 {[%clk 00:01:18]} {[%emt
00:00:33]} Bd7 {[%clk 00:03:20]} {[%emt 00:01:54]} 54. Ra2 {[%clk 00:01:37]}
{[%emt 00:00:11]} Ra8 {[%clk 00:03:15]} {[%emt 00:00:35]} 55. Ra1 {[%clk
00:02:01]} {[%emt 00:00:07]} Ke5 {[%clk 00:01:38]} {[%emt 00:02:06]} 56. a5
{[%clk 00:02:08]} {[%emt 00:00:23]} Ra6 {[%clk 00:01:11]} {[%emt 00:00:55]} 57.
Be2 {[%clk 00:02:18]} {[%emt 00:00:22]} 1/2-1/2

[Event "DEM U14 2025"]
[Site "Willingen GER"]
[Date "2025.06.10"]
[Round "4"]
[White "Schulz, Robin"]
[Black "Sepe, Giovanni Paolo"]
[Result "0-1"]
[Termination "normal"]
[Board "11"]
[WhiteElo "1939"]
[BlackElo "2101"]
[WhiteClock "00:18:55"]
[BlackClock "00:27:44"]
[PlyCount "36"]
[WhiteFideId "34641912"]
[BlackFideId "34631909"]
[EventCountry "GER"]
[EventRounds "9"]
[EventType "swiss"]
[EventDate "2025.06.07"]

1. d4 {[%clk 01:30:51]} {[%emt 00:00:08]} Nf6 {[%clk 01:30:56]} {[%emt
00:00:05]} 2. Nf3 {[%clk 01:30:55]} {[%emt 00:00:25]} g6 {[%clk 01:31:13]}
{[%emt 00:00:13]} 3. Nc3 {[%clk 01:30:46]} {[%emt 00:00:39]} d5 {[%clk
01:31:38]} {[%emt 00:00:05]} 4. Bf4 {[%clk 01:31:03]} {[%emt 00:00:14]} Bg7
{[%clk 01:32:03]} {[%emt 00:00:05]} 5. e3 {[%clk 01:31:15]} {[%emt 00:00:18]}
O-O {[%clk 01:30:26]} {[%emt 00:02:06]} 6. Bd3 {[%clk 01:31:06]} {[%emt
00:00:39]} Nbd7 {[%clk 01:29:34]} {[%emt 00:01:22]} 7. h4 {[%clk 01:30:49]}
{[%emt 00:00:48]} c5 {[%clk 01:22:37]} {[%emt 00:07:28]} 8. h5 {[%clk
01:19:39]} {[%emt 00:11:38]} Nxh5 {[%clk 01:12:17]} {[%emt 00:10:50]} 9. Rxh5
{[%clk 01:16:07]} {[%emt 00:04:02]} gxh5 {[%clk 01:11:55]} {[%emt 00:00:53]}
10. Nxd5 {[%clk 01:06:33]} {[%emt 00:10:04]} h6 {[%clk 01:04:20]} {[%emt
00:08:05]} 11. Bc7 {[%clk 00:57:52]} {[%emt 00:09:11]} Qe8 {[%clk 01:04:40]}
{[%emt 00:00:09]} 12. Bg3 {[%clk 00:57:16]} {[%emt 00:01:06]} e5 {[%clk
00:35:17]} {[%emt 00:29:53]} 13. Nc7 {[%clk 00:50:13]} {[%emt 00:07:34]} Qe7
{[%clk 00:35:28]} {[%emt 00:00:19]} 14. dxe5 {[%clk 00:48:19]} {[%emt
00:02:23]} Nxe5 {[%clk 00:33:29]} {[%emt 00:02:30]} 15. Nxa8 {[%clk 00:47:02]}
{[%emt 00:01:47]} Bg4 {[%clk 00:33:50]} {[%emt 00:00:09]} 16. Qd2 {[%clk
00:37:07]} {[%emt 00:10:25]} Bxf3 {[%clk 00:31:05]} {[%emt 00:03:14]} 17. Bxe5
{[%clk 00:37:28]} {[%emt 00:00:09]} Qxe5 {[%clk 00:31:14]} {[%emt 00:00:21]}
18. c3 {[%clk 00:18:55]} {[%emt 00:19:03]} Bc6 {[%clk 00:27:44]} {[%emt
00:04:00]} 0-1

[Event "DEM U14 2025"]
[Site "Willingen GER"]
[Date "2025.06.10"]
[Round "4"]
[White "Prashanthakumar, Arju"]
[Black "Rodriguez Klasen, Ennio"]
[Result "0-1"]
[Termination "normal"]
[Board "12"]
[WhiteElo "1809"]
[BlackElo "2021"]
[WhiteClock "00:03:22"]
[BlackClock "00:00:34"]
[PlyCount "62"]
[WhiteFideId "34604065"]
[BlackFideId "16277414"]
[EventCountry "GER"]
[EventRounds "9"]
[EventType "swiss"]
[EventDate "2025.06.07"]

1. e4 {[%clk 01:30:57]} {[%emt 00:00:02]} c5 {[%clk 01:30:57]} {[%emt
00:00:04]} 2. Nf3 {[%clk 01:31:19]} {[%emt 00:00:08]} Nc6 {[%clk 01:31:17]}
{[%emt 00:00:10]} 3. d4 {[%clk 01:31:38]} {[%emt 00:00:11]} cxd4 {[%clk
01:31:43]} {[%emt 00:00:04]} 4. Nxd4 {[%clk 01:32:02]} {[%emt 00:00:06]} e5
{[%clk 01:31:14]} {[%emt 00:00:59]} 5. Nb5 {[%clk 01:30:49]} {[%emt 00:01:43]}
d6 {[%clk 01:31:19]} {[%emt 00:00:25]} 6. N1c3 {[%clk 01:29:29]} {[%emt
00:01:50]} a6 {[%clk 01:31:35]} {[%emt 00:00:14]} 7. Na3 {[%clk 01:29:44]}
{[%emt 00:00:14]} Be7 {[%clk 01:31:47]} {[%emt 00:00:19]} 8. Be3 {[%clk
01:26:30]} {[%emt 00:03:43]} b5 {[%clk 01:22:50]} {[%emt 00:09:27]} 9. Nd5
{[%clk 01:24:21]} {[%emt 00:02:39]} Rb8 {[%clk 01:21:33]} {[%emt 00:01:48]} 10.
c4 {[%clk 01:17:45]} {[%emt 00:07:05]} b4 {[%clk 01:20:36]} {[%emt 00:01:28]}
11. Nc2 {[%clk 01:17:03]} {[%emt 00:01:10]} Nf6 {[%clk 01:18:57]} {[%emt
00:02:11]} 12. Qd3 {[%clk 01:09:45]} {[%emt 00:07:47]} O-O {[%clk 01:15:16]}
{[%emt 00:04:11]} 13. Be2 {[%clk 01:07:48]} {[%emt 00:02:26]} Nxd5 {[%clk
00:58:44]} {[%emt 00:17:03]} 14. cxd5 {[%clk 01:03:47]} {[%emt 00:04:31]} Na5
{[%clk 00:55:15]} {[%emt 00:04:00]} 15. a3 {[%clk 00:57:46]} {[%emt 00:06:31]}
bxa3 {[%clk 00:53:04]} {[%emt 00:02:42]} 16. b4 {[%clk 00:56:22]} {[%emt
00:01:52]} Nb7 {[%clk 00:48:18]} {[%emt 00:05:17]} 17. Rxa3 {[%clk 00:53:04]}
{[%emt 00:03:48]} f5 {[%clk 00:47:03]} {[%emt 00:01:45]} 18. O-O {[%clk
00:50:29]} {[%emt 00:03:05]} Ra8 {[%clk 00:27:27]} {[%emt 00:20:06]} 19. Rfa1
{[%clk 00:43:47]} {[%emt 00:07:11]} fxe4 {[%clk 00:17:47]} {[%emt 00:10:11]}
20. Qd2 {[%clk 00:40:59]} {[%emt 00:03:17]} Qc7 {[%clk 00:13:54]} {[%emt
00:04:24]} 21. Rxa6 {[%clk 00:34:44]} {[%emt 00:06:45]} Rxa6 {[%clk 00:14:06]}
{[%emt 00:00:18]} 22. Rxa6 {[%clk 00:35:00]} {[%emt 00:00:13]} Bd7 {[%clk
00:13:25]} {[%emt 00:01:11]} 23. b5 {[%clk 00:25:44]} {[%emt 00:09:47]} Nc5
{[%clk 00:02:19]} {[%emt 00:11:36]} 24. b6 {[%clk 00:24:28]} {[%emt 00:01:45]}
Qc8 {[%clk 00:02:31]} {[%emt 00:00:18]} 25. Ra7 {[%clk 00:17:34]} {[%emt
00:07:25]} Bd8 {[%clk 00:01:50]} {[%emt 00:01:11]} 26. Bxc5 {[%clk 00:15:20]}
{[%emt 00:02:43]} Qxc5 {[%clk 00:01:38]} {[%emt 00:00:43]} 27. Qe3 {[%clk
00:07:10]} {[%emt 00:08:39]} Qxc2 {[%clk 00:01:24]} {[%emt 00:00:45]} 28. Rxd7
{[%clk 00:02:56]} {[%emt 00:04:44]} Qb1+ {[%clk 00:01:31]} {[%emt 00:00:23]}
29. Bf1 {[%clk 00:02:58]} {[%emt 00:00:28]} Bxb6 {[%clk 00:01:22]} {[%emt
00:00:38]} 30. Qe2 {[%clk 00:03:17]} {[%emt 00:00:11]} Bxf2+ {[%clk 00:00:34]}
{[%emt 00:01:18]} 31. Kh1 {[%clk 00:03:22]} {[%emt 00:00:24]} Bc5 {[%clk
00:00:34]} {[%emt 00:00:31]} 0-1

[Event "DEM U14 2025"]
[Site "Willingen GER"]
[Date "2025.06.10"]
[Round "4"]
[White "Shevchenko, Igor"]
[Black "Krüger, Moritz"]
[Result "1-0"]
[Termination "normal"]
[Board "13"]
[WhiteElo "1882"]
[BlackElo "1785"]
[WhiteClock "00:25:19"]
[BlackClock "00:44:45"]
[PlyCount "89"]
[WhiteFideId "34634924"]
[BlackFideId "34608923"]
[EventCountry "GER"]
[EventRounds "9"]
[EventType "swiss"]
[EventDate "2025.06.07"]

1. d4 {[%clk 01:30:56]} {[%emt 00:00:02]} Nf6 {[%clk 01:30:26]} {[%emt
00:00:35]} 2. c4 {[%clk 01:31:20]} {[%emt 00:00:06]} e6 {[%clk 01:30:20]}
{[%emt 00:00:36]} 3. Nc3 {[%clk 01:31:41]} {[%emt 00:00:10]} Bb4 {[%clk
01:30:16]} {[%emt 00:00:32]} 4. e3 {[%clk 01:31:23]} {[%emt 00:00:49]} O-O
{[%clk 01:29:59]} {[%emt 00:00:47]} 5. Nge2 {[%clk 01:31:35]} {[%emt 00:00:18]}
Re8 {[%clk 01:29:52]} {[%emt 00:00:37]} 6. a3 {[%clk 01:31:55]} {[%emt
00:00:11]} Bf8 {[%clk 01:29:48]} {[%emt 00:00:32]} 7. Ng3 {[%clk 01:32:00]}
{[%emt 00:00:26]} d5 {[%clk 01:28:56]} {[%emt 00:01:22]} 8. Be2 {[%clk
01:31:04]} {[%emt 00:01:26]} b6 {[%clk 01:29:03]} {[%emt 00:00:22]} 9. O-O
{[%clk 01:31:14]} {[%emt 00:00:22]} Bb7 {[%clk 01:29:28]} {[%emt 00:00:03]} 10.
b3 {[%clk 01:17:38]} {[%emt 00:14:08]} dxc4 {[%clk 01:24:55]} {[%emt 00:05:03]}
11. Bxc4 {[%clk 01:00:41]} {[%emt 00:17:27]} c5 {[%clk 01:22:26]} {[%emt
00:02:58]} 12. dxc5 {[%clk 01:00:26]} {[%emt 00:00:45]} Bxc5 {[%clk 01:21:53]}
{[%emt 00:01:03]} 13. b4 {[%clk 00:56:42]} {[%emt 00:04:15]} Be7 {[%clk
01:19:40]} {[%emt 00:02:41]} 14. Bb2 {[%clk 00:51:54]} {[%emt 00:05:20]} Nc6
{[%clk 01:18:50]} {[%emt 00:01:18]} 15. Qe2 {[%clk 00:48:40]} {[%emt 00:03:45]}
a6 {[%clk 01:16:23]} {[%emt 00:02:55]} 16. Rfd1 {[%clk 00:46:04]} {[%emt
00:03:09]} Qc8 {[%clk 01:15:43]} {[%emt 00:01:04]} 17. Rac1 {[%clk 00:44:57]}
{[%emt 00:01:42]} b5 {[%clk 01:13:55]} {[%emt 00:02:17]} 18. Ba2 {[%clk
00:42:59]} {[%emt 00:02:29]} Qc7 {[%clk 01:11:33]} {[%emt 00:02:51]} 19. Nce4
{[%clk 00:40:19]} {[%emt 00:03:10]} Nxe4 {[%clk 01:09:25]} {[%emt 00:02:39]}
20. Nxe4 {[%clk 00:40:13]} {[%emt 00:00:36]} Rad8 {[%clk 01:09:26]} {[%emt
00:00:28]} 21. Rxd8 {[%clk 00:38:00]} {[%emt 00:02:44]} Rxd8 {[%clk 01:07:53]}
{[%emt 00:02:03]} 22. Qg4 {[%clk 00:37:21]} {[%emt 00:01:09]} Ne5 {[%clk
00:59:32]} {[%emt 00:08:51]} 23. Qh5 {[%clk 00:21:23]} {[%emt 00:16:28]} Nc4
{[%clk 00:58:46]} {[%emt 00:01:15]} 24. Bxc4 {[%clk 00:17:36]} {[%emt
00:04:18]} bxc4 {[%clk 00:57:24]} {[%emt 00:01:52]} 25. Qg4 {[%clk 00:17:31]}
{[%emt 00:00:35]} Bf8 {[%clk 00:49:55]} {[%emt 00:07:59]} 26. Nf6+ {[%clk
00:10:48]} {[%emt 00:07:13]} Kh8 {[%clk 00:47:54]} {[%emt 00:02:30]} 27. Qh4
{[%clk 00:10:16]} {[%emt 00:01:03]} h6 {[%clk 00:45:41]} {[%emt 00:02:43]} 28.
f3 {[%clk 00:02:59]} {[%emt 00:07:48]} e5 {[%clk 00:42:34]} {[%emt 00:03:36]}
29. Ng4 {[%clk 00:01:49]} {[%emt 00:01:39]} f6 {[%clk 00:40:46]} {[%emt
00:02:19]} 30. Qh5 {[%clk 00:01:12]} {[%emt 00:01:08]} Bc8 {[%clk 00:38:56]}
{[%emt 00:02:19]} 31. Qg6 {[%clk 00:01:03]} {[%emt 00:00:39]} Qa7 {[%clk
00:35:58]} {[%emt 00:03:27]} 32. Nxf6 {[%clk 00:00:39]} {[%emt 00:00:56]} Qxe3+
{[%clk 00:34:57]} {[%emt 00:01:30]} 33. Kf1 {[%clk 00:00:44]} {[%emt 00:00:25]}
Qd3+ {[%clk 00:33:57]} {[%emt 00:01:30]} 34. Qxd3 {[%emt 00:00:05]} cxd3 {[%clk
00:32:50]} {[%emt 00:01:35]} 35. Ne4 {[%clk 00:00:47]} {[%emt 00:00:53]} Bd7
{[%clk 00:29:34]} {[%emt 00:03:47]} 36. Bxe5 {[%clk 00:00:41]} {[%emt
00:00:36]} Bb5 {[%clk 00:27:57]} {[%emt 00:02:06]} 37. Ke1 {[%clk 00:00:49]}
{[%emt 00:00:23]} a5 {[%clk 00:25:51]} {[%emt 00:02:36]} 38. bxa5 {[%clk
00:00:37]} {[%emt 00:00:43]} Bxa3 {[%clk 00:23:33]} {[%emt 00:02:46]} 39. Rb1
{[%clk 00:00:59]} {[%emt 00:00:08]} Ba4 {[%clk 00:21:53]} {[%emt 00:02:10]} 40.
Kd2 {[%clk 00:01:05]} {[%emt 00:00:24]} Bc2 {[%clk 00:20:49]} {[%emt 00:01:34]}
41. Rb7 {[%clk 00:01:18]} {[%emt 00:00:18]} Bf8 {[%clk 00:18:01]} {[%emt
00:03:18]} 42. a6 {[%clk 00:28:24]} {[%emt 00:03:24]} Ra8 {[%clk 00:46:57]}
{[%emt 00:01:33]} 43. a7 {[%clk 00:26:10]} {[%emt 00:02:44]} Kg8 {[%clk
00:45:59]} {[%emt 00:01:28]} 44. Bxg7 {[%clk 00:25:12]} {[%emt 00:01:29]} Bb4+
{[%clk 00:44:45]} {[%emt 00:01:41]} 45. Bc3 {[%clk 00:25:19]} {[%emt 00:00:24]}
1-0